| 000 | nam a22 7a 4500 | ||
|---|---|---|---|
| 999 |
_c17390 _d17390 |
||
| 008 | 161125b xxu||||| |||| 00| 0 eng d | ||
| 020 | _a9781121387553 | ||
| 050 | _aH 62 .A67 2011 | ||
| 100 |
_aHuman Dev and Family Sci _d2011 |
||
| 245 |
_aApplied Research Methods _cHuman Dev and Family Sci |
||
| 250 | _a1st ed | ||
| 260 |
_aUSA _bMcGraw Hill _c2011 |
||
| 300 |
_axvii,607p; _bIncludes bibliographical references |
||
| 942 |
_2lcc _cBOOKS _hH 62 .A67 2011 _k28256 |
||